000 00543nam a2200229Ia 4500
003 OSt
005 20220928134937.0
006 a|||||r|||| 00| 0
007 ta
008 220927b |||||||| |||| 00| 0 eng d
024 _a350
037 _cTextual
040 _aSDCL
_cSDCL
_beng
041 _2eng
_aeng
082 _aX0bW:2, K5
100 _aMund Vernon A
_9489162
245 0 _aGovernment and business
250 _a4
260 _c1965
942 _hX0bW:2, K5
_cTEXL
_2CC
999 _c804383
_d804383